Catálogo
Digital

Catálogo
Digital

Ecuador Debate N°121. Tendencias en la sociedad rural ecuatoriana (Record no. 13562)

MARC details
000 -CABECERA
campo de control de longitud fija 02481nam a2200409 4500
003 - IDENTIFICADOR DEL NÚMERO DE CONTROL
campo de control EC-UNACH
005 - FECHA Y HORA DE LA ÚLTIMA TRANSACCIÓN
campo de control 20250515163340.0
006 - CÓDIGOS DE INFORMACIÓN DE LONGITUD FIJA--CARACTERÍSTICAS DEL MATERIAL ADICIONAL
campo de control de longitud fija s||||gr|||| 00| 00
008 - DATOS DE LONGITUD FIJA--INFORMACIÓN GENERAL
campo de control de longitud fija 150116t9999 mx r gr 000 0 spa d
020 ## - NÚMERO INTERNACIONAL ESTÁNDAR DEL LIBRO
Número Internacional Estándar del Libro 25287761
040 ## - FUENTE DE LA CATALOGACIÓN
Centro catalogador/agencia de origen EC-UNACH
Centro/agencia transcriptor EC-UNACH
041 ## - CÓDIGO DE LENGUA
Código de lengua del texto/banda sonora o título independiente spa
082 04 - NÚMERO DE LA CLASIFICACIÓN DECIMAL DEWEY
Número de edición 23
Número de clasificación 300
Número de documento/Ítem L017768
110 ## - ENTRADA PRINCIPAL--NOMBRE DE ENTIDAD CORPORATIVA
Nombre de entidad corporativa o nombre de jurisdicción como elemento de entrada Centro Andino de Acción Popular (CAAP)
245 ## - MENCIÓN DE TÍTULO
Título Ecuador Debate N°121. Tendencias en la sociedad rural ecuatoriana
250 ## - MENCIÓN DE EDICIÓN
Mención de edición Primera edición
264 ## - Producción, publicación, distribución, fabricación y copyright
Lugar de producción, publicación, distribución, fabricación Quito – Ecuador
Nombre del de productor, editor, distribuidor, fabricante CAAP
Fecha de de producción, publicación, distribución, fabricación o copyright 2024
300 ## - DESCRIPCIÓN FÍSICA
Extensión 224 páginas
Otras características físicas Tabla, Gráficos
Dimensiones 14,5 X 21 cm
505 ## - NOTA DE CONTENIDO CON FORMATO
Nota de contenido con formato COYUNTURA.- Ecuador 2024: narcotráfico y política ¿hasta dónde son sus nexos estructurales?. Conflictividad socio-política. Noviembre 2023-Febrero 2024.-- TEMA CENTRAL.- Presentación del Tema Central. Tendencias en la sociedad rural ecuatoriana. Preciada comida: el rol relacional de la yuca en el sustento de poblaciones precarizadas en Ecuador. El rol de las ciudades pequeñas para la seguridad alimentaria Grace Guerrero y René Larenas. Racismo institucional en la salud. Claves para pensar la atención en salud desde la interculturalidad. Extractivismo y violencia en Esmeraldas, Ecuador. Factores determinantes de la gestión comunal del páramo de Quilloac en la provincia de Cañar. "Mandar obedeciendo". El movimiento indígena de Cotopaxi en el gobierno provincial (2000-2022). -- DEBATE AGRARIO.- Tejido social, finanzas y organización campesina en la Costa. -- ANÁLISIS.- Pë'kēya: restitución del territorio ancestral de la nación Siekopai desde la memoria histórica y biocultural. ¿Por qué debe cumplirse la consulta popular sobre el Yasuní-ITT?. Una estrategia para superar la crisis. -- RESEÑAS.- La producción social de las violencias en Ecuador y América Latina. Histórica, estructural, plural y relacional.
650 ## - PUNTO DE ACCESO ADICIONAL DE MATERIA--TÉRMINO DE MATERIA
Término de materia o nombre geográfico como elemento inicial CONFLICTIVIDAD SOCIO-POLÍTICA
650 ## - PUNTO DE ACCESO ADICIONAL DE MATERIA--TÉRMINO DE MATERIA
9 (RLIN)
Término de materia o nombre geográfico como elemento inicial POBLACIONES PRECARIZADAS
650 ## - PUNTO DE ACCESO ADICIONAL DE MATERIA--TÉRMINO DE MATERIA
Término de materia o nombre geográfico como elemento inicial GESTIÓN COMUNAL
650 ## - PUNTO DE ACCESO ADICIONAL DE MATERIA--TÉRMINO DE MATERIA
Término de materia o nombre geográfico como elemento inicial TERRITORIO ANCESTRAL
650 ## - PUNTO DE ACCESO ADICIONAL DE MATERIA--TÉRMINO DE MATERIA
Término de materia o nombre geográfico como elemento inicial VIOLENCIAS EN ECUADOR
710 ## - PUNTO DE ACCESO ADICIONAL--NOMBRE DE ENTIDAD CORPORATIVA
Nombre de entidad corporativa o nombre de jurisdicción como elemento de entrada Echeverria, Julio
710 ## - PUNTO DE ACCESO ADICIONAL--NOMBRE DE ENTIDAD CORPORATIVA
Nombre de entidad corporativa o nombre de jurisdicción como elemento de entrada Anchaluisa, David
710 ## - PUNTO DE ACCESO ADICIONAL--NOMBRE DE ENTIDAD CORPORATIVA
Nombre de entidad corporativa o nombre de jurisdicción como elemento de entrada Ospina Peralta, Pablo
710 ## - PUNTO DE ACCESO ADICIONAL--NOMBRE DE ENTIDAD CORPORATIVA
Nombre de entidad corporativa o nombre de jurisdicción como elemento de entrada Vera Vega, Cristina
710 ## - PUNTO DE ACCESO ADICIONAL--NOMBRE DE ENTIDAD CORPORATIVA
Nombre de entidad corporativa o nombre de jurisdicción como elemento de entrada Ospina Peralta, Pablo
710 ## - PUNTO DE ACCESO ADICIONAL--NOMBRE DE ENTIDAD CORPORATIVA
Nombre de entidad corporativa o nombre de jurisdicción como elemento de entrada Guerrero, Rafael
942 ## - ELEMENTOS DE PUNTO DE ACCESO ADICIONAL (KOHA)
Fuente del sistema de clasificación o colocación Clasificación Decimal Dewey
Tipo de ítem Koha Libros
999 ## - NÚMEROS DE CONTROL DE SISTEMA (KOHA)
Koha biblionumber 13562
Holdings
Estado de pérdida Fuente del sistema de clasificación o colocación Estado dañado No para préstamo Localización permanente Ubicación/localización actual Ubicación en estantería Fecha de adquisición Fuente de adquisición Número de inventario Total de préstamos Signatura topográfica completa Código de barras Fecha visto por última vez Número de copia Precio válido a partir de Tipo de ítem Koha Centro de costos
  Clasificación Decimal Dewey     Biblioteca Campus Norte Biblioteca Campus Norte Economía 29/04/2025 Donación CAAP 39686999   300 CEN L017768 L017768 29/04/2025 Ej: 01 29/04/2025 Libros  

Powered by Koha